000
00249nam a2200097Ia 4500
001
685052
005
20250826161510.0
008
250824s9999 xx 000 0 und d
245
0
_a
SİSLİ NEHİR/V.VARESİ/EVEREST
_c
VALERİO VARESİ
260
_b
EVEREST
999
_c
685052
_d
685052